<?xml version="1.0" encoding="UTF-8"?>
<record
    xmlns:xsi="http://www.w3.org/2001/XMLSchema-instance"
    xsi:schemaLocation="http://www.loc.gov/MARC21/slim http://www.loc.gov/standards/marcxml/schema/MARC21slim.xsd"
    xmlns="http://www.loc.gov/MARC21/slim">

  <leader>00788nam a22001937a 4500</leader>
  <controlfield tag="005">20231206154741.0</controlfield>
  <datafield tag="010" ind1=" " ind2=" ">
    <subfield code="a">HIN-126469</subfield>
  </datafield>
  <datafield tag="020" ind1=" " ind2=" ">
    <subfield code="a">9788185255736</subfield>
    <subfield code="c">395.00</subfield>
  </datafield>
  <datafield tag="035" ind1=" " ind2=" ">
    <subfield code="a">HN-98815</subfield>
  </datafield>
  <datafield tag="037" ind1=" " ind2=" ">
    <subfield code="b">DBAD/PUB</subfield>
  </datafield>
  <datafield tag="082" ind1=" " ind2=" ">
    <subfield code="a">553.7 </subfield>
    <subfield code="2"> </subfield>
  </datafield>
  <datafield tag="100" ind1=" " ind2=" ">
    <subfield code="a">&#x91C;&#x93F;&#x92F;&#x93E; &#x932;&#x93E;&#x932; &#x939;&#x928;&#x94D;&#x921;&#x942;</subfield>
    <subfield code="9">59611</subfield>
  </datafield>
  <datafield tag="245" ind1=" " ind2=" ">
    <subfield code="a">&#x91C;&#x932; -&#x915;&#x932; &#x906;&#x91C; &#x914;&#x930; &#x915;&#x932;/</subfield>
    <subfield code="c">&#x91C;&#x93F;&#x92F;&#x93E; &#x932;&#x93E;&#x932; &#x939;&#x928;&#x94D;&#x921;&#x942;</subfield>
  </datafield>
  <datafield tag="250" ind1=" " ind2=" ">
    <subfield code="a">&#x92A;&#x94D;&#x930;&#x925;&#x92E; </subfield>
  </datafield>
  <datafield tag="260" ind1=" " ind2=" ">
    <subfield code="a">&#x91A;&#x902;&#x921;&#x940;&#x917;&#x922;&#x93C; </subfield>
    <subfield code="b">&#x905;&#x92D;&#x93F;&#x937;&#x947;&#x915; &#x92A;&#x92C;&#x94D;&#x932;&#x93F;&#x915;&#x947;&#x936;&#x928;&#x94D;&#x91C; </subfield>
    <subfield code="c">2016 </subfield>
  </datafield>
  <datafield tag="270" ind1=" " ind2=" ">
    <subfield code="a">&#x90F;&#x938;.&#x938;&#x940;.&#x913;.57 -59 &#x938;&#x947;&#x915;&#x94D;&#x91F;&#x930; 17 &#x938;&#x940; </subfield>
    <subfield code="b">&#x91A;&#x902;&#x921;&#x940;&#x917;&#x922;&#x93C; </subfield>
    <subfield code="e">160017</subfield>
  </datafield>
  <datafield tag="300" ind1=" " ind2=" ">
    <subfield code="a">161 &#x92A;&#x943;&#x937;&#x94D;&#x920;;</subfield>
    <subfield code="c">23  &#x938;&#x947;&#x92E;&#x940; (&#x938;&#x91C;&#x93F;&#x932;&#x94D;&#x926;) </subfield>
  </datafield>
  <datafield tag="942" ind1=" " ind2=" ">
    <subfield code="c">HN</subfield>
    <subfield code="h">553.7</subfield>
    <subfield code="2">ddc</subfield>
    <subfield code="m">&#x91C;&#x93F;&#x92F;&#x93E; &#x932;&#x93E;&#x932; &#x939;&#x928;&#x94D;&#x921;&#x942;</subfield>
  </datafield>
  <datafield tag="999" ind1=" " ind2=" ">
    <subfield code="c">199510</subfield>
    <subfield code="d">199510</subfield>
  </datafield>
  <datafield tag="952" ind1=" " ind2=" ">
    <subfield code="0">0</subfield>
    <subfield code="1">0</subfield>
    <subfield code="4">0</subfield>
    <subfield code="7">0</subfield>
    <subfield code="8">NFIC</subfield>
    <subfield code="a">VP</subfield>
    <subfield code="b">VP</subfield>
    <subfield code="d">2023-12-06</subfield>
    <subfield code="e">DBAD/PUB</subfield>
    <subfield code="g">350.00</subfield>
    <subfield code="l">0</subfield>
    <subfield code="o">553.7 &#x91C;&#x93F;&#x92F;&#x93E;&#x932;&#x93E;</subfield>
    <subfield code="p">HN-98815</subfield>
    <subfield code="r">2023-12-06 00:00:00</subfield>
    <subfield code="t">1</subfield>
    <subfield code="v">350.00</subfield>
    <subfield code="w">2023-12-06</subfield>
    <subfield code="y">HN</subfield>
  </datafield>
</record>
